LEADER 02681njm a2200553 a 4500
001 000771889
003 CZ BrMZK
005 20201013153130.0
007 ss lsnjlcmpnze
008 050425s1993 xr mu g cze d
028 0 0 |a AK 0003-4 711  |b AKON 
040 |a BOA001  |b cze 
047 |a df  |a wz 
048 |b vu  |a of 
080 |a 78.085.2  |2 MRF 
080 |a 785.12  |2 MRF 
080 |a (086.7)  |2 MRF 
110 2 |a Podhoranka (hudební skupina : Ježov, Hodonín, Česko)  |7 mzk2008451403 
245 1 0 |a Podhoranka 20 let  |h [zvukový záznam] 
246 3 |a 20 let 
260 |a Uherské Hradiště :  |b AKON,  |c 1993 
300 |a 1 zvuková kazeta :  |b analog, stereo, Dolby B, HX-Pro +  |e 1 leták (10 x 17 cm) 
505 0 0 |t U muziky --  |t Soboňský rybník --  |t U téj boží muky --  |t Nejsi začepená --  |t Zamilovaný --  |t Keď sem pole vláčil --  |t Ej rozkvítaj, rozkvítaj --  |t Rohatecké děvčátko --  |t Připijme si na zdraví --  |t Polka z Ježova --  |t Šenkérečka --  |t Strážnické hodiny --  |t Medový valčík --  |t Dávno už sa známe --  |t Chodíváš k súsedom --  |t Hněvala sa mamka --  |t Ježovský háječek --  |t Závěrečná polka 
511 0 |a Zpívají: Lenka Bartolšicová, Dana Rajsiglová, Jindřich Kotek a další. Hraje dechová hudba Podhoranka z Ježova 
518 |a Nahráno ve studiu ČEského rozhlasu v Brně - červenec 1993 
650 0 7 |a dechová hudba (zpěv, dechový orchestr)  |7 ph321440  |2 czenas 
650 0 7 |a polky  |7 ph224419  |2 czenas 
650 0 7 |a valčíky  |7 ph224487  |2 czenas 
655 7 |a zvukové kazety  |7 fd186720  |2 czenas 
700 1 |a Nedůchal, Milan,  |d 1961-  |7 mzk20201088963  |4 cmp  |4 lyr 
700 1 |a Koštuřík, Miroslav  |4 lyr 
700 1 |a Salčák, Vladimír,  |d 1936-2013  |7 ola2003167582  |4 lyr 
700 1 |a Třetina, František,  |d 1920-1999  |7 mzk2005317781  |4 cmp  |4 lyr 
700 1 |a Procházka, Miloslav R.,  |d 1958-  |7 jn20000810064  |4 cmp 
700 1 |a Koníček, Antonín,  |d 1952-  |7 mzk2005300593  |4 cmp 
700 1 |a Babula, Václav,  |d 1938-2008  |7 jk01010509  |4 lyr 
700 1 |a Gurský, Zdeněk,  |d 1954-  |7 ola200208877  |4 cmp 
700 1 |a Orság, Antonín  |7 mzk2010611993  |4 cmp 
700 1 |a Křivák, Josef  |4 lyr 
700 1 |a Vystoupil, František  |4 cmp 
700 1 |a Pěnčík, Stanislav,  |d 1939-2004  |7 jn20000810063  |4 lyr 
700 1 |a Smišovský, Blahoslav,  |d 1931-2011  |7 ola200209211  |4 cmp 
700 1 |a Kosková, Ludmila,  |d 1952-  |4 lyr 
700 1 |a Bartolšicová, Lenka,  |d 1969-  |7 mzk2009512309  |4 lyr 
700 1 |a Maňas, František,  |d 1921-2004  |7 jn20000620214  |4 cmp 
910 |a BOA001  |b KZ-0012.276 
990 |a AV 
991 |b 200505 
996 6 |b 261H013471  |c KZ-0012.276  |l MZK  |r Sklad / do 24 hodin  |n 0  |w 000771889  |u 000010  |a 1  |e BOA001  |j MZK50  |s P